LEADER 01234nam a2200253 i 4500 001 000000050967 003 CaOOAMICUS 005 20100120000000.0 008 100120s1981 it u000 u ita u 013 $a22138 020 $a88-7030-646-1 040 $aSeMil$bita 245 12$aL'Enciclica sul lavoro "Laborem exercens" :$btesto e commento all'enciclica di Giovanni Paolo 2. con indice analitico per argomenti /$ca cura di Raimondo Spiazzi. 260 $aMilano :$bMassimo,$c1981. 300 $a175 p. ;$c20 cm. 490 0 $aSussidi pastorali e liturgici ;$v46 650 4$aPolitica - Teorie - Storia.$0(OLS)http://semarc/subject/1043 700 1 $aSpiazzi, Raimondo,$c.$0(OLS)http://semarc/name/89725 830 0$aSussidi pastorali e liturgici ;$v46.$0(OLS)http://semarc/title/10541 850 $aSeMil 852 $aSeMil$W1$xVenegono$y1$m2F II 230$j17122$B17122$CSeMilBibl$Z2$F17122 $81 996 $6020$a88-7030-646-1$9(OLS)http://semarc/number/24914 996 $6245$aL'Enciclica sul lavoro "Laborem exercens" :$btesto e commento all'enciclica di Giovanni Paolo 2. con indice analitico per argomenti$9(OLS)http://semarc/title/77922 996 $6260$aMilano :$bMassimo$9(OLS)http://semarc/publisher/30297 LEADER 01565nam a2200277 i 4500 001 000000065813 003 CaOOAMICUS 005 20131203000000.0 008 131203s1983 xx u000 u lat u 013 $a36985 020 $a3-506-79431-0 040 $aSeMil$bita 100 1 $aFries, Albert .$0(OLS)http://semarc/name/19570 245 15$aEine Quaestio des Albertus Magnus "De quiditate et esse" /$cAlbert Fries. 260 $aPaderborn [etc.] :$bFerdinand Schöningh,$c1983. 300 $a50 p. ;$c24 cm. 490 0 $aVeröffentlichungen des Grabmann-Institutes zur Erforschung der mittelalterlichen Theologie und Philosophie. Neue Folge ;$v31 490 0 $aMünchener Universitätsschriften : Philosophische Fakultät Altertumskunde und Kulturwissenschaften 600 04$aAlberto : Magno .$0(OLS)http://semarc/subject/6154 830 0$aVeröffentlichungen des Grabmann-Institutes zur Erforschung der mittelalterlichen Theologie und Philosophie. Neue Folge ;$v31.$0(OLS)http://semarc/title/192 830 0$aMünchener Universitätsschriften : Philosophische Fakultät Altertumskunde und Kulturwissenschaften.$0(OLS)http://semarc/title/11289 850 $aSeMil 852 $aSeMil$W1$xVenegono$y1$m2N I 281$j31966$B31966$CSeMilBibl$Z2$F31969 $81 996 $6020$a3-506-79431-0$9(OLS)http://semarc/number/43258 996 $6245$aEine Quaestio des Albertus Magnus "De quiditate et esse"$9(OLS)http://semarc/title/104533 996 $6260$aPaderborn [etc.] :$bFerdinand Schöningh$9(OLS)http://semarc/publisher/29622